000 00599cam a2200205ua 4500
001 10301
008 180314n ii |||gr||||Z||||||eng
020 _a9780070151543
040 _cMAIN
082 _a519.5
100 _aSpiegel, Murray R,
_eAuthor.,
245 _aProbability and statistics
_cBy Murray R Spiegel and others
250 _a3rd ed.
260 _aChennai:
_bMcGraw hill education,
_c2017.
653 _aProbabilities & applied mathematics
700 _aSchiller, John J,
_eAuthor.
700 _aSrinivasan, R Alu,
_eAuthor.
700 _aGoswami, Debashree,
_eAdopter.
942 _cBK
999 _c9296
_d9296